书目信息 |
| 题名: |
经济数学——概率论与数理统计
|
|
| 作者: | 林少华 , 孟艳双 主编 | |
| 分册: | ||
| 出版信息: | 北京 中国水利水电出版社 2014.08 |
|
| 页数: | 145页 | |
| 开本: | 23cm | |
| 丛书名: | 应用技术型高等教育“十二五”规划教材 | |
| 单 册: | ||
| 中图分类: | F224.0 | |
| 科图分类: | ||
| 主题词: | 经济数学--jing ji shu xue--高等教育--教材 , 概率论--gai lv lun--高等教育--教材 , 数理统计--shu li tong ji--高等教育--教材 | |
| 电子资源: | ||
| ISBN: | 978-7-5170-2101-8 | |
| 000 | 01268nam 2200325 450 | |
| 001 | CAL 0120141374498 | |
| 005 | 20150819141435.03 | |
| 010 | @a978-7-5170-2101-8@dCNY18.00 | |
| 100 | @a20140828d2014 em y0chiy50 ea | |
| 101 | 0 | @achi |
| 102 | @aCN@b110000 | |
| 105 | @aak a 000yy | |
| 106 | @ar | |
| 200 | 1 | @a经济数学——概率论与数理统计@Ajing ji shu xue —— gai shuai lun yu shu li tong ji@f主编林少华, 孟艳双 |
| 210 | @a北京@c中国水利水电出版社@d2014.08 | |
| 215 | @a145页@c图@d23cm | |
| 225 | 2 | @a应用技术型高等教育“十二五”规划教材@Aying yong ji shu xing gao deng jiao yu “ shi er wu ” gui hua jiao cai |
| 320 | @a有书目 | |
| 330 | @a本书共八章, 包括随机事件及概率、随机变量及其分布、二维随机变量及其分布、随机变量的数字特征、大数定律和中心极限定理等。 | |
| 410 | 0 | @12001 @a应用技术型高等教育“十二五”规划教材 |
| 517 | 1 | @a概率论与数理统计@Agai shuai lun yu shu li tong ji |
| 586 | @a | |
| 606 | 0 | @a经济数学@Ajing ji shu xue@x高等教育@j教材 |
| 606 | 0 | @a概率论@Agai lv lun@x高等教育@j教材 |
| 606 | 0 | @a数理统计@Ashu li tong ji@x高等教育@j教材 |
| 690 | @aF224.0@v5 | |
| 701 | 0 | @a林少华@Alin shao hua@4主编 |
| 701 | 0 | @a孟艳双@Ameng yan shuang@4主编 |
| 801 | 0 | @aCN@c20150820 |
| 905 | @a河南城建学院图书馆@dF224.0@eL510@f2 | |
| 经济数学——概率论与数理统计/主编林少华, 孟艳双.-北京:中国水利水电出版社,2014.08 |
| 145页:图;23cm.-(应用技术型高等教育“十二五”规划教材) |
| ISBN 978-7-5170-2101-8:CNY18.00 |
| 本书共八章, 包括随机事件及概率、随机变量及其分布、二维随机变量及其分布、随机变量的数字特征、大数定律和中心极限定理等。 |
| ● |
| 相关链接 |
|
|
|
正题名:经济数学——概率论与数理统计
索取号:F224.0/L510
 
预约/预借
| 序号 | 登录号 | 条形码 | 馆藏地/架位号 | 状态 | 备注 |
| 1 | 1166108 | 211661085 | 社科库409/409社科库 72排4列5层/ [索取号:F224.0/L510] | 在馆 | |
| 2 | 1166109 | 211661094 | 社科库409/409社科库 72排4列5层/ [索取号:F224.0/L510] | 在馆 |